00324nam a2200133Ia 4500008004100000041000800041082001600049100002600065245001600091260003600107300003000143365001100173440000600184240624s9999 xx 000 0 und d aeng a428.422 DIA aDIAZ ISOBEL RAINEY DE aIN DETAIL 2 c2003aAustraliabThomson/Heinle avi, : 154 : p. : cm. ; 28 cRSb10 v2